000 00627cam a22002172 4500
001 0000004073
005 20151217145752.0
008 070518s xx 000 0 eng d
020 _a817656575X :
_cKES 3,200
040 _aKABU
_cKABU
050 0 _aQA76.73
_b.B3T342
100 1 _aTagliaferri, Matt.
_@0000154430
245 1 0 _aVisual Basic .Net Codemaster's library.
260 _aNew Delhi :
_bBPB,
_c2002.
300 _axix, 376 p.
500 _aCD damaged.
650 0 _aBasic .Net (Computer program language)
_@0000154398
908 _a070518
950 _@1
999 _c2431
_d2431